Дело о сборах со спектаклей в Малом театре за январскую треть 1813 года

Доступно только в Электронных читальных залах Найти на картеНа карте
RUSMARC
00003988nmc2a22000003x 450
0018f6edc70-d1b1-4b1b-929b-f9c2d4c6e2e3
00520181004112212.0
100##$a20161212l18131813k l0rusy0189 ca
1010#$arus
102##$aRU
2001#$aДело о сборах со спектаклей в Малом театре за январскую треть 1813 года
$j13 января - 1 мая 1813 г.
251##$cДело
300##$aДело
300##$aОриг. заголовок дела: Афиши о сборах со спектаклей в Малом театре с 1 января по 1 мая 1813 года. 13 января 1813 г. - 1 мая 1813 г
801#0$aRU
$bРГИА
$c20161212
$gRCR
801#1$aRU
$bГлавНИВЦ
$c20161212
$2rusmarc
801#2$aRU
$bПБ им. Б.Н. Ельцина
$c20181004
$gRCR
$2rusmarc
850##$aРГИА
852##$aРГИА
$eФедеральное казенное учреждение "Российский государственный исторический архив" (РГИА)
$j1245
937##$hРГИА
$d12235779
$aASBIBLIO_SCAN
462#0$1001dd3991dc-24e1-42ec-8838-ca4255420416
$12001
$a1746-1850 гг.
$1251
$cОпись
$1852
$j1
461#0$10019264ebf8-de62-4f1a-9eb4-9f22098dbbd5
$12001
$aДирекция императорских театров МИДв
$1251
$cФонд
$1852
$j497
215##$a135 л.
$d36,5х26 см
371##$aДокумент не является опубликованным и широко распространяемым
105##$ay###
1222#$ad
5171#$aАфиши о сборах со спектаклей в Малом театре с 1 января по 1 мая 1813 года. 13 января 1813 г. - 1 мая 1813 г
035##$a8f6edc70-d1b1-4b1b-929b-f9c2d4c6e2e3
856##$uhttp://readingroom.main.prlib.ru/item.aspx?id_node=n118860542&mode=full
Формат отображения